Biochemistry : (with clinical concepts & case studies)
Guardat en:
| Autor principal: | |
|---|---|
| Format: | Llibre |
| Idioma: | anglès |
| Publicat: |
Elsevier
2013
|
| Etiquetes: |
Afegir etiqueta
Sense etiquetes, Sigues el primer a etiquetar aquest registre!
|
MARC
| LEADER | 00000nam a22000007a 4500 | ||
|---|---|---|---|
| 008 | 201214b ||||| |||| 00| 0 eng d | ||
| 020 | |a 978-81-312-3601-7 | ||
| 100 | |a SATYANARAYANA, U. |a Chakrapani, U. | ||
| 245 | |a Biochemistry |b : (with clinical concepts & case studies) |c U. Satyanarayana, U. Chakrapani |g v, 798p.; ill. | ||
| 250 | |b 4th ed. | ||
| 260 | |b Elsevier |c 2013 |h New Delhi |i 691401 |i 691402 |i 691403 |l QD415 .Sa8 |m Biochemistry. | ||
| 500 | |a It includes bibliographical references and index | ||
| 942 | |a lcc |c BK |e Kuteyi, M. A. |f 14/12/2020 | ||
| 952 | |0 0 |1 0 |2 lcc |4 0 |6 QD0415 S A8 |7 0 |9 452 |a HOL |b SL |c QZ |d 2020-12-14 |l 0 |o QD415 .Sa8 |p 2020-2181 |r 2020-12-14 00:00:00 |w 2020-12-14 |y BK | ||
| 952 | |0 0 |1 0 |2 lcc |4 0 |6 QD0415 S A8 |7 0 |9 453 |a HOL |b HOL |c QZ |d 2020-12-14 |l 0 |o QD415 .Sa8 |p 2020-2182 |r 2020-12-14 00:00:00 |w 2020-12-14 |y BK | ||
| 952 | |0 0 |1 0 |2 lcc |4 0 |6 QD0415 S A8 |7 0 |9 454 |a HOL |b HOL |c QZ |d 2020-12-14 |l 0 |o QD415 .Sa8 |p 2020-2183 |r 2020-12-14 00:00:00 |w 2020-12-14 |y BK | ||
| 999 | |c 228 |d 228 | ||